| 000 | 00492cam a2200169 a 4500 | ||
|---|---|---|---|
| 020 | _a0070597960 (acidfree paper) | ||
| 040 | _cDLC | ||
| 082 | 0 | 0 | _a621 HIL 1995 A044 Or. |
| 100 | 1 | _aSouth, David W. | |
| 245 | 1 | 0 | _aEncyclopedic dictionary of gears and gearing / |
| 260 |
_aNew York : _bMcGraw-Hill, _cc1995. |
||
| 300 |
_axviii, 414 p. : _bill. ; _c25 cm. |
||
| 650 | 0 | _aGearing | |
| 700 | 1 | _aEwert, Richard H. | |
| 856 | 4 | 1 | _uhttp://www.loc.gov/catdir/toc/mh022/94010985.html |
| 942 | _cEK | ||
| 999 |
_c12995 _d12995 |
||